| 000 | 00797nam a22003017a 4500 | ||
|---|---|---|---|
| 003 | IBSLLIB | ||
| 005 | 20260515072120.0 | ||
| 008 | 260515b |||||||| |||| 00| 0 eng d | ||
| 020 | _a0340250496 | ||
| 040 |
_aIBSLLIB _beng |
||
| 041 | _hEng | ||
| 082 |
_a332 _bCAV |
||
| 100 | _aCave , Kathryn (ed.) | ||
| 245 | _aThe Which? Book of Money | ||
| 260 |
_aLondon : _bConsumers' Associations , _c1980 |
||
| 300 |
_a240 p ; _bill ; con; Des; _c26 cm |
||
| 505 | _aYour work | ||
| 505 | _aAt Home and Away | ||
| 505 | _aYour Family? | ||
| 505 | _aInvesting and Borrowing | ||
| 505 | _aThe State and you | ||
| 650 | _aSocial science | ||
| 650 | _aYourself | ||
| 650 | _aInsuring health | ||
| 650 | _apassing your money | ||
| 700 |
_aWiesner , Helena _eed. |
||
| 942 | _cLBK | ||
| 999 |
_c22145 _d22145 |
||